01015cam a2200301 a 45000010009000000050017000090080041000260100017000670200039000840200026001230400022001490420008001710430012001790500029001910820016002201000036002362450081002722600043003533000038003964900051004345040054004856500033005396500021005726500024005936500028006176510044006458300024006891703857820170105102856.0111107s2012 mduab b 000 0 eng c a 2011046199 a9780810883109 (cloth : alk. paper) a9780810883116 (ebook) aIEN/DLCcIENdDLC apcc af-so---00aHV6433.786.S58bD46 201200a363.3252231 aDaniels, Christopher L.,d1982-10aSomali piracy and terrorism in the Horn of Africa /cChristopher L. Daniels. aLanham, Md. :bScarecrow Press,c2012. axv, 237 p. :bill., map ;c24 cm.1 aGlobal flashpoints : a Scarecrow Press series aIncludes bibliographical references (p. 217-235). 0aMaritime terrorismzSomalia. 0aPiracyzSomalia. 0aTerrorismzSomalia. 0aFailed stateszSomalia. 0aSomaliaxPolitics and governmenty1991- 0aGlobal flashpoints.